[Event "Canadian op U2200"]
[Site "Sault Ste Marie"]
[Date "2017.07.11"]
[Round "1"]
[White "Shah, Omaray M"]
[Black "Ehab, Mohamed"]
[Result "1-0"]
[WhiteElo "1879"]
[BlackElo "2057"]
[PlyCount "89"]
[EventDate "2017.07.11"]
[EventType "swiss"]
[EventRounds "9"]
[EventCountry "CAN"]
[SourceTitle "EXT 2022"]
[Source "ChessBase"]
[SourceDate "2021.10.06"]
[SourceVersion "1"]
[SourceVersionDate "2021.10.06"]
[SourceQuality "1"]

1. e4 e6 2. Qe2 c5 3. Nf3 Nc6 4. e5 d6 5. exd6 Bxd6 6. c3 Nf6 7. d3 0-0 8. Bg5 h6 9. Bh4 e5 10. Nbd2 Bf5 11. Nc4 b5 12. Ne3 Be6 13. Nd2 Be7 14. Bxf6 Bxf6 15. Qf3 Qd7 16. g4 Be7 17. Nf5 Bd5 18. Ne4 Kh7 19. h4 Bxe4 20. Qxe4 g6 21. Bg2 Rac8 22. Nxe7 Nxe7 23. h5 Qe6 24. hxg6+ fxg6 25. Qe3 Rf4 26. Qh3 g5 27. Be4+ Kg7 28. f3 Rh8 29. Qh2 Ng6 30. Qf2 c4 31. d4 Rhf8 32. Qe3 Nh4 33. 0-0-0 Nxf3 34. d5 Qb6 35. Qe2 Nh4 36. Bf5 e4 37. Rxh4 gxh4 38. d6 e3 39. Qh2 R4xf5 40. gxf5 Rxf5 41. d7 Qd8 42. Qg1+ Kf7 43. Qxe3 Rg5 44. Rf1+ Kg6 45. Qe8+ 1-0

[Event "Aurora Spring op U2000"]
[Site "Aurora"]
[Date "2017.04.02"]
[Round "5.1"]
[White "Ning, Eric"]
[Black "Shah, Omaray M"]
[Result "1/2-1/2"]
[WhiteElo "1591"]
[BlackElo "1803"]
[PlyCount "70"]
[EventDate "2017.04.01"]
[EventType "swiss"]
[EventRounds "5"]
[EventCountry "CAN"]
[SourceTitle "EXT 2022"]
[Source "ChessBase"]
[SourceDate "2021.10.06"]
[SourceVersion "1"]
[SourceVersionDate "2021.10.06"]
[SourceQuality "1"]

1. d4 Nf6 2. c4 e6 3. Nf3 b6 4. a3 Bb7 5. Nc3 d6 6. d5 exd5 7. cxd5 g6 8. e4 Bg7 9. Bd3 0-0 10. 0-0 Nbd7 11. Bf4 Re8 12. Nd2 Nc5 13. Qc2 a5 14. Be3 Nxd3 15. Qxd3 Ng4 16. Bd4 Ba6 17. Nc4 Qh4 18. h3 Ne5 19. Bxe5 Rxe5 20. Rac1 Rg5 21. b3 Re8 22. Rfe1 Bxc4 23. bxc4 Bxc3 24. Qxc3 Rge5 25. f3 f5 26. c5 dxc5 27. Qb3 Kg7 28. d6 Qd8 29. Qc3 Kf7 30. Qb3+ Kf8 31. dxc7 Qxc7 32. Qc3 Qg7 33. Qb3 R5e6 34. Kh1 Qf6 35. Rcd1 Rd6 1/2-1/2

[Event "Quebec op U2000"]
[Site "Montreal"]
[Date "2016.07.28"]
[Round "7.4"]
[White "Shah, Omaray M"]
[Black "Filiatreault, Marc"]
[Result "0-1"]
[WhiteElo "1973"]
[BlackElo "1871"]
[PlyCount "106"]
[EventDate "2016.07.23"]
[EventType "swiss"]
[EventRounds "8"]
[EventCountry "CAN"]
[SourceTitle "EXT 2022"]
[Source "ChessBase"]
[SourceDate "2021.10.06"]
[SourceVersion "1"]
[SourceVersionDate "2021.10.06"]
[SourceQuality "1"]

1. e4 c5 2. Nf3 d6 3. d4 cxd4 4. Nxd4 Nf6 5. Nc3 a6 6. Be3 e5 7. Nb3 Be6 8. f3 Be7 9. Qd2 Qc7 10. 0-0-0 Nbd7 11. Qf2 b5 12. Kb1 Rc8 13. g4 0-0 14. h4 Nc5 15. Nxc5 dxc5 16. g5 Nh5 17. Bh3 Rcd8 18. Bg4 Nf4 19. Bxf4 exf4 20. g6 b4 21. gxf7+ Bxf7 22. Nd5 Bxd5 23. exd5 c4 24. Qe2 c3 25. Qe6+ Kh8 26. Qc6 Qd6 27. Rhe1 Bxh4 28. Re6 Qxc6 29. Rxc6 h5 30. Be6 Rf6 31. Rd3 Rg6 32. Rd1 Be7 33. Rxa6 h4 34. Rc6 h3 35. Rh1 Rh6 36. bxc3 bxc3 37. Rxc3 h2 38. Rc8 Rxc8 39. Bxc8 Bc5 40. a4 Bg1 41. a5 Kg8 42. Kb2 Kf7 43. Kb3 Ke7 44. c4 Kd6 45. Kb4 Ke5 46. Kb5 g5 47. Be6 Kd6 48. Bc8 Rh7 49. a6 Rh8 50. Bb7 g4 51. fxg4 f3 52. g5 f2 53. c5+ Ke5 0-1

[Event "Quebec op U2000"]
[Site "Montreal"]
[Date "2016.07.24"]
[Round "3.4"]
[White "Shah, Omaray M"]
[Black "O'Neill, Brendon"]
[Result "1-0"]
[WhiteElo "1973"]
[BlackElo "1699"]
[PlyCount "77"]
[EventDate "2016.07.23"]
[EventType "swiss"]
[EventRounds "8"]
[EventCountry "CAN"]
[SourceTitle "EXT 2022"]
[Source "ChessBase"]
[SourceDate "2021.10.06"]
[SourceVersion "1"]
[SourceVersionDate "2021.10.06"]
[SourceQuality "1"]

1. e4 c5 2. Nf3 d6 3. d4 cxd4 4. Nxd4 Nf6 5. Nc3 a6 6. Be3 Ng4 7. Bc1 e5 8. Nb3 Qb6 9. Qe2 Be6 10. f3 Nf6 11. Be3 Qc7 12. g4 Be7 13. h4 Nc6 14. h5 b5 15. g5 Nd7 16. Bh3 Nb6 17. 0-0-0 Bc4 18. Qf2 Na4 19. Nd5 Bxd5 20. Rxd5 Nb4 21. Rdd1 Nxa2+ 22. Kb1 N2c3+ 23. bxc3 Qxc3 24. Bc1 Qb4 25. Rd3 Nc5 26. Qd2 Nxd3 27. Qxd3 a5 28. Qd5 0-0 29. Qd2 Qc4 30. Bf1 Qc7 31. Bb2 Rfb8 32. g6 h6 33. Qd5 Bf8 34. Bh3 a4 35. gxf7+ Kh8 36. Nd4 exd4 37. Bxd4 b4 38. Qe6 b3 39. Qxh6# 1-0

[Event "Canadian op U2000"]
[Site "Montreal"]
[Date "2014.07.22"]
[Round "5"]
[White "Shah, Omaray M"]
[Black "Miettinen, Eric"]
[Result "1/2-1/2"]
[WhiteElo "1999"]
[BlackElo "1854"]
[PlyCount "64"]
[EventDate "2014.07.19"]
[EventType "swiss"]
[EventRounds "9"]
[EventCountry "CAN"]
[SourceTitle "EXT 2022"]
[Source "ChessBase"]
[SourceDate "2021.10.06"]
[SourceVersion "1"]
[SourceVersionDate "2021.10.06"]
[SourceQuality "1"]

1. e4 e6 2. d4 d5 3. Bd3 dxe4 4. Bxe4 Nf6 5. Bf3 c5 6. c3 Nc6 7. Ne2 Be7 8. 0-0 0-0 9. Be3 Qb6 10. Qb3 Na5 11. Qxb6 axb6 12. Nd2 Bd7 13. Rfb1 Bc6 14. b4 cxb4 15. c4 Bxf3 16. gxf3 Rac8 17. Rc1 Rc6 18. d5 exd5 19. Nd4 Rcc8 20. Nf5 Bc5 21. Bxc5 Rxc5 22. Ne7+ Kh8 23. cxd5 Rd8 24. Ne4 Nxe4 25. fxe4 g6 26. Rd1 Kg7 27. Rab1 Kf8 28. d6 Nc4 29. Nd5 Rxd6 30. Rxb4 f5 31. Rdb1 fxe4 32. Nxb6 Nxb6 1/2-1/2

[Event "Canadian op U2000"]
[Site "Montreal"]
[Date "2014.07.19"]
[Round "1"]
[White "Shah, Omaray M"]
[Black "Gauthier, Luc"]
[Result "1/2-1/2"]
[WhiteElo "2032"]
[BlackElo "1781"]
[PlyCount "58"]
[EventDate "2014.07.19"]
[EventType "swiss"]
[EventRounds "9"]
[EventCountry "CAN"]
[SourceTitle "EXT 2022"]
[Source "ChessBase"]
[SourceDate "2021.10.06"]
[SourceVersion "1"]
[SourceVersionDate "2021.10.06"]
[SourceQuality "1"]

1. Nf3 f5 2. b3 Nf6 3. Bb2 e6 4. d3 Be7 5. Nbd2 d6 6. e4 e5 7. h3 Nc6 8. Be2 0-0 9. 0-0 Qe8 10. Kh1 Kh8 11. c4 fxe4 12. dxe4 Nd8 13. c5 Ne6 14. cxd6 cxd6 15. Re1 Nf4 16. Bf1 Qh5 17. Nh2 Qg6 18. Rc1 N6h5 19. Ndf3 Bd8 20. Rc2 Ba5 21. Bc3 Bb6 22. Bb4 Bxf2 23. Rxf2 Ng3+ 24. Kg1 Nxh3+ 25. gxh3 Ne2+ 26. Kh1 Ng3+ 27. Kg1 Ne2+ 28. Kh1 Ng3+ 29. Kg1 Ne2+ 1/2-1/2

[Event "Canadian op"]
[Site "Edmonton"]
[Date "2009.07.16"]
[Round "6.35"]
[White "Shah, Omaray M"]
[Black "Pedersen, Rick"]
[Result "1-0"]
[WhiteElo "1972"]
[BlackElo "2089"]
[PlyCount "37"]
[EventDate "2009.07.11"]
[EventType "swiss"]
[EventRounds "9"]
[EventCountry "CAN"]
[SourceTitle "EXT 2022"]
[Source "ChessBase"]
[SourceDate "2021.10.06"]
[SourceVersion "1"]
[SourceVersionDate "2021.10.06"]
[SourceQuality "1"]

1. e4 d6 2. d4 Nf6 3. Nc3 g6 4. Be3 c6 5. Bd3 e5 6. Nf3 Nbd7 7. h3 Qe7 8. Qd2 b5 9. 0-0 Bg7 10. Ne2 a6 11. a4 0-0 12. Ng3 Bb7 13. Bh6 exd4 14. Nxd4 c5 15. Ndf5 Qe5 16. Bxg7 c4 17. Qh6 gxf5 18. Nxf5 cxd3 19. Bxf8 1-0

[Event "Canadian op"]
[Site "Edmonton"]
[Date "2009.07.15"]
[Round "5.55"]
[White "Long, Hugh"]
[Black "Shah, Omaray M"]
[Result "0-1"]
[WhiteElo "1672"]
[BlackElo "1972"]
[PlyCount "102"]
[EventDate "2009.07.11"]
[EventType "swiss"]
[EventRounds "9"]
[EventCountry "CAN"]
[SourceTitle "EXT 2022"]
[Source "ChessBase"]
[SourceDate "2021.10.06"]
[SourceVersion "1"]
[SourceVersionDate "2021.10.06"]
[SourceQuality "1"]

1. d4 Nf6 2. c4 c5 3. e3 e6 4. Nc3 Be7 5. g3 0-0 6. Bg2 d5 7. cxd5 Nxd5 8. Nxd5 exd5 9. Nf3 Nc6 10. 0-0 Bg4 11. dxc5 Bxc5 12. h3 Be6 13. Nd4 Nxd4 14. exd4 Bb6 15. Be3 Rc8 16. Rc1 Rxc1 17. Qxc1 Qd7 18. Kh2 Qa4 19. a3 Rc8 20. Qb1 Qc2 21. Qxc2 Rxc2 22. Rc1 Rxc1 23. Bxc1 Bxd4 24. f4 g6 25. b4 Kf8 26. Bd2 Ke7 27. g4 Kd6 28. Kg3 Bd7 29. Bf1 Bb2 30. Bd3 Bxa3 31. Bc3 a6 32. Kh4 Ke7 33. Kg5 Bc1 34. Bf6+ Kf8 35. Be5 Bd2 36. Bd6+ Kg8 37. Kf6 Bc6 38. f5 Bc3+ 39. Ke7 Bg7 40. Kd8 Bf8 41. Bxf8 Kxf8 42. Kc7 Ke7 43. fxg6 fxg6 44. h4 Kf6 45. Kd6 h6 46. Bc2 g5 47. h5 d4 48. Bd1 Be4 49. Be2 d3 50. Bd1 Bg2 51. Kc5 Ke5 0-1

[Event "Kitchener Oktoberfest U2000"]
[Site "Kitchener"]
[Date "2008.10.18"]
[Round "2"]
[White "Shah, Omaray M"]
[Black "Gillanders, Robert"]
[Result "0-1"]
[WhiteElo "1949"]
[BlackElo "1809"]
[PlyCount "74"]
[EventDate "2008.10.17"]
[EventType "swiss"]
[EventRounds "5"]
[EventCountry "CAN"]
[SourceTitle "EXT 2011"]
[Source "ChessBase"]
[SourceDate "2010.11.26"]
[SourceVersion "1"]
[SourceVersionDate "2010.11.26"]
[SourceQuality "1"]

1. e4 c5 2. Nf3 Nc6 3. d4 cxd4 4. Nxd4 Nf6 5. Nc3 e5 6. Ndb5 d6 7. Bg5 a6 8. Na3 b5 9. Nd5 Be7 10. Bxf6 Bxf6 11. c3 Bg5 12. Nc2 0-0 13. g3 Ne7 14. h4 Bh6 15. Bg2 Nxd5 16. Qxd5 Be6 17. Qd1 Qd7 18. 0-0 a5 19. Re1 Rac8 20. Kh2 Rc5 21. Ne3 g6 22. Qd3 Rfc8 23. Red1 Bf8 24. Bf3 h5 25. Qe2 b4 26. cxb4 axb4 27. b3 Bh6 28. Rd2 Rc3 29. Rd3 Rxd3 30. Qxd3 Rc3 31. Qe2 Bxe3 32. fxe3 Qc6 33. Bg2 Bg4 34. Qf1 Rc2 35. a4 Qxe4 36. Kh1 Qxe3 37. a5 Qxg3 0-1

[Event "Kitchener Oktoberfest U2000"]
[Site "Kitchener"]
[Date "2008.10.18"]
[Round "3"]
[White "Shah, Omaray M"]
[Black "Moran Venegas, Mario"]
[Result "1-0"]
[WhiteElo "1949"]
[BlackElo "1696"]
[PlyCount "103"]
[EventDate "2008.10.17"]
[EventType "swiss"]
[EventRounds "5"]
[EventCountry "CAN"]
[SourceTitle "EXT 2011"]
[Source "ChessBase"]
[SourceDate "2010.11.26"]
[SourceVersion "1"]
[SourceVersionDate "2010.11.26"]
[SourceQuality "1"]

1. e4 c6 2. d4 d5 3. e5 Bf5 4. Nc3 e6 5. g4 Bg6 6. h4 h6 7. Nge2 c5 8. Nf4 Bh7 9. Bd3 Bxd3 10. Qxd3 cxd4 11. Nb5 Nc6 12. Nd6+ Bxd6 13. exd6 Qxd6 14. Bd2 a6 15. Qb3 b5 16. 0-0-0 Nf6 17. f3 Nd7 18. Rhe1 Nc5 19. Qxd5 Qxd5 20. Nxd5 0-0 21. Nb4 Rac8 22. Nxc6 Rxc6 23. Bb4 Rd8 24. Re5 Nb7 25. Re4 a5 26. Be1 d3 27. c3 a4 28. Bf2 a3 29. Rb4 axb2+ 30. Kxb2 Rd5 31. a4 Nd6 32. axb5 Rc4 33. Rxc4 Nxc4+ 34. Kb3 Ne5 35. c4 Rd7 36. c5 Rd5 37. Kb4 d2 38. Be3 Nd3+ 39. Ka5 Nb2 40. Rxd2 Nc4+ 41. Ka6 Nxd2 42. b6 Nc4 43. b7 Rd8 44. c6 Nd6 45. c7 Nxb7 46. Kxb7 Re8 47. c8Q Rxc8 48. Kxc8 f5 49. Kd7 fxg4 50. fxg4 Kf7 51. Bd4 g6 52. Be5 1-0

[Event "Quebec op U2000"]
[Site "Montreal"]
[Date "2008.07.26"]
[Round "8"]
[White "Libersan, Mattieu"]
[Black "Shah, Omaray M"]
[Result "1-0"]
[WhiteElo "1967"]
[BlackElo "1904"]
[PlyCount "60"]
[EventDate "2008.07.19"]
[EventType "swiss"]
[EventRounds "8"]
[EventCountry "CAN"]
[SourceTitle "EXT 2022"]
[Source "ChessBase"]
[SourceDate "2021.10.06"]
[SourceVersion "1"]
[SourceVersionDate "2021.10.06"]
[SourceQuality "1"]

1. e4 c5 2. Nf3 d6 3. d4 cxd4 4. Nxd4 Nf6 5. Nc3 a6 6. Bc4 e6 7. 0-0 Be7 8. Kh1 0-0 9. f4 b5 10. Bd3 Qc7 11. Be3 Nbd7 12. a3 Bb7 13. Qf3 Nc5 14. Rae1 Rac8 15. Bg1 Nxd3 16. cxd3 Nd7 17. Qh3 Bf6 18. Nce2 Nc5 19. Rc1 Qe7 20. b4 Nd7 21. Ng3 g6 22. Be3 Bg7 23. f5 e5 24. fxg6 hxg6 25. Ndf5 Qe6 26. Bh6 gxf5 27. Bxg7 Kxg7 28. Nxf5+ Qxf5 29. Qxf5 Rxc1 30. Rxc1 Rc8 1-0

[Event "Quebec op U2000"]
[Site "Montreal"]
[Date "2008.07.25"]
[Round "7"]
[White "Giroux, Robert"]
[Black "Shah, Omaray M"]
[Result "0-1"]
[WhiteElo "1869"]
[BlackElo "1904"]
[PlyCount "172"]
[EventDate "2008.07.19"]
[EventType "swiss"]
[EventRounds "8"]
[EventCountry "CAN"]
[SourceTitle "EXT 2022"]
[Source "ChessBase"]
[SourceDate "2021.10.06"]
[SourceVersion "1"]
[SourceVersionDate "2021.10.06"]
[SourceQuality "1"]

1. e4 c5 2. Nc3 Nc6 3. f4 e6 4. Nf3 Nge7 5. g3 g6 6. Bg2 Bg7 7. 0-0 0-0 8. d3 d6 9. Be3 Nd4 10. Rb1 a6 11. Ne2 Nxe2+ 12. Qxe2 b5 13. c3 Bb7 14. Bf2 Qa5 15. a3 Rac8 16. d4 Qa4 17. dxc5 dxc5 18. Nd2 Rfd8 19. Rbc1 Rd7 20. Rfd1 Rdc7 21. Qf3 Bf8 22. Nb1 Nc6 23. Qe2 Qa5 24. Be3 Nd4 25. Bxd4 cxd4 26. e5 dxc3 27. Nxc3 Qb6+ 28. Kh1 Bxa3 29. Qd2 Bb4 30. h3 Bxg2+ 31. Qxg2 Bxc3 32. Rxc3 Rxc3 33. bxc3 Rxc3 34. f5 gxf5 35. g4 Qc6 36. Rd8+ Kg7 37. gxf5+ Qxg2+ 38. Kxg2 exf5 39. Ra8 Rc6 40. Kf3 Rb6 41. Rd8 f6 42. Rd7+ Kg6 43. exf6 Rxf6 44. Rb7 f4 45. h4 Kh6 46. Rb8 Kh5 47. Rb7 h6 48. Rd7 Kxh4 49. Rd5 Rg6 50. Kxf4 Rf6+ 51. Ke3 Kg4 52. Rd4+ Kg3 53. Rd8 Rg6 54. Rd5 Rg5 55. Rd6 a5 56. Rxh6 b4 57. Rb6 Re5+ 58. Kd4 Kf4 59. Rf6+ Rf5 60. Rb6 Kf3 61. Kc4 Ke3 62. Rd6 Re5 63. Ra6 Kd2 64. Kb3 Rc5 65. Kb2 Kd3 66. Kb3 Rc3+ 67. Kb2 Ra3 68. Rh6 Kc4 69. Rh4+ Kb5 70. Rh5+ Ka4 71. Rg5 Rc3 72. Rh5 Rc4 73. Rh3 Rg4 74. Rh5 Rg2+ 75. Ka1 Re2 76. Rg5 Re4 77. Rc5 Kb3 78. Rc1 a4 79. Rh1 Rc4 80. Rh3+ Rc3 81. Rh1 Ka3 82. Rh4 Rg3 83. Rh1 Rg4 84. Rh3+ b3 85. Rh1 Kb4 86. Rh8 Rg1+ 0-1

[Event "Toronto Spring-B 04"]
[Site "Toronto"]
[Date "2008.04.09"]
[Round "2"]
[White "Chapin, Sam"]
[Black "Shah, Omaray M"]
[Result "0-1"]
[WhiteElo "1779"]
[BlackElo "1904"]
[PlyCount "52"]
[EventDate "2008.04.02"]
[EventType "tourn"]
[EventRounds "7"]
[EventCountry "CAN"]
[SourceTitle "EXT 2011"]
[Source "ChessBase"]
[SourceDate "2010.11.26"]
[SourceVersion "1"]
[SourceVersionDate "2010.11.26"]
[SourceQuality "1"]

1. c4 c5 2. g3 Nf6 3. Bg2 e6 4. Nc3 Be7 5. Nf3 0-0 6. 0-0 d6 7. d4 cxd4 8. Nxd4 a6 9. Qc2 Qc7 10. Qd3 Bd7 11. b3 Nc6 12. Nxc6 Bxc6 13. e4 Rac8 14. Bb2 Rfd8 15. Qe2 Bf8 16. Rac1 Qb8 17. f4 d5 18. cxd5 exd5 19. exd5 Nxd5 20. Nxd5 Bxd5 21. Rxc8 Qxc8 22. Rc1 Qd7 23. Rd1 Bc5+ 24. Kh1 Bxg2+ 25. Kxg2 Qxd1 26. Qe5 Qd5+ 0-1

[Event "Toronto Anderson Memorial"]
[Site "Toronto"]
[Date "2002.11.20"]
[Round "7"]
[White "Siddeley, Hugh"]
[Black "Shah, Omaray M"]
[Result "0-1"]
[WhiteElo "2027"]
[BlackElo "1989"]
[PlyCount "76"]
[EventDate "2002.09.23"]
[EventType "tourn"]
[EventRounds "9"]
[EventCountry "CAN"]
[SourceTitle "EXT 2022"]
[Source "ChessBase"]
[SourceDate "2021.10.06"]
[SourceVersion "1"]
[SourceVersionDate "2021.10.06"]
[SourceQuality "1"]

1. d4 Nf6 2. c4 g6 3. Nc3 d5 4. cxd5 Nxd5 5. e4 Nxc3 6. bxc3 c5 7. Bb5+ Nd7 8. Bd2 Bg7 9. Ne2 0-0 10. 0-0 Nf6 11. Bd3 cxd4 12. cxd4 Ng4 13. Rc1 Ne5 14. Bb1 Nc6 15. Be3 Bg4 16. f3 Bd7 17. Qd2 Re8 18. f4 Bg4 19. d5 Bxe2 20. Qxe2 Na5 21. f5 b6 22. fxg6 hxg6 23. Bd3 Qd6 24. Qf2 Rf8 25. Qh4 Qa3 26. Rcd1 Nc4 27. Rf3 Nxe3 28. Rh3 Rfc8 29. Qh7+ Kf8 30. Rxe3 Bd4 31. Kh1 Rc1 32. Ree1 Rxd1 33. Rxd1 Rc8 34. h4 Bg7 35. h5 Rc1 36. Rxc1 Qxc1+ 37. Kh2 Qe3 38. Bf1 Qf4+ 0-1

[Event "Toronto Dutton CC ch"]
[Site "Toronto"]
[Date "2002.06.26"]
[Round "6"]
[White "Shah, Omaray M"]
[Black "Sherman, Robert"]
[Result "1-0"]
[WhiteElo "1909"]
[BlackElo "1888"]
[PlyCount "49"]
[EventDate "2002.05.22"]
[EventType "swiss"]
[EventRounds "6"]
[EventCountry "CAN"]
[SourceTitle "EXT 2022"]
[Source "ChessBase"]
[SourceDate "2021.10.06"]
[SourceVersion "1"]
[SourceVersionDate "2021.10.06"]
[SourceQuality "1"]

1. e4 c5 2. Nf3 d6 3. d4 cxd4 4. Nxd4 Nf6 5. Nc3 g6 6. Be3 Bg7 7. f3 0-0 8. Bc4 Nc6 9. Qd2 Bd7 10. 0-0-0 Qb8 11. h4 b5 12. Nxc6 Bxc6 13. Bb3 a5 14. Bh6 a4 15. Bd5 b4 16. Bxg7 Kxg7 17. Bxc6 bxc3 18. bxc3 Ra6 19. Bd5 Rc8 20. h5 Rb6 21. Qd4 Rb1+ 22. Kd2 Rxd1+ 23. Rxd1 Qb5 24. Qb4 Qa6 25. Bb7 1-0

[Event "Toronto Dutton CC ch"]
[Site "Toronto"]
[Date "2002.06.19"]
[Round "5"]
[White "Dutton, Warren Richard"]
[Black "Shah, Omaray M"]
[Result "1/2-1/2"]
[WhiteElo "2000"]
[BlackElo "1950"]
[PlyCount "81"]
[EventDate "2002.05.22"]
[EventType "swiss"]
[EventRounds "6"]
[EventCountry "CAN"]
[SourceTitle "EXT 2022"]
[Source "ChessBase"]
[SourceDate "2021.10.06"]
[SourceVersion "1"]
[SourceVersionDate "2021.10.06"]
[SourceQuality "1"]

1. e4 c5 2. Nf3 d6 3. d4 cxd4 4. Nxd4 Nf6 5. Nc3 a6 6. a4 e6 7. Be2 Be7 8. 0-0 0-0 9. Kh1 b6 10. f4 Qc7 11. Bf3 Bb7 12. Be3 Nbd7 13. Qe1 Rac8 14. Qg3 Rfe8 15. Rae1 Bf8 16. Qh4 e5 17. Nf5 exf4 18. Bxf4 Ne5 19. Bd1 Ng6 20. Qg3 Nxf4 21. Rxf4 g6 22. Qh4 Nd7 23. Nh6+ Bxh6 24. Qxh6 Ne5 25. Be2 Qe7 26. Bxa6 Rxc3 27. Bxb7 Rxc2 28. Bd5 Qf8 29. Qh3 Qg7 30. Qb3 Rec8 31. Rff1 R8c7 32. Qxb6 Nd3 33. Rb1 Qe5 34. a5 Kg7 35. a6 Rxg2 36. Kxg2 Rc2+ 37. Rf2 Qg5+ 38. Kf1 Rxf2+ 39. Qxf2 Nxf2 40. Kxf2 Qd2+ 41. Kg1 1/2-1/2

[Event "Toronto Dutton CC ch"]
[Site "Toronto"]
[Date "2002.06.05"]
[Round "3"]
[White "Shah, Omaray M"]
[Black "Lucki, Arnie"]
[Result "1-0"]
[WhiteElo "1909"]
[BlackElo "1900"]
[PlyCount "61"]
[EventDate "2002.05.22"]
[EventType "swiss"]
[EventRounds "6"]
[EventCountry "CAN"]
[SourceTitle "EXT 2022"]
[Source "ChessBase"]
[SourceDate "2021.10.06"]
[SourceVersion "1"]
[SourceVersionDate "2021.10.06"]
[SourceQuality "1"]

1. e4 c5 2. Nf3 d6 3. d4 cxd4 4. Nxd4 Nf6 5. Nc3 g6 6. Be3 Bg7 7. f3 0-0 8. Bc4 Nc6 9. Qd2 Bd7 10. 0-0-0 Qa5 11. Kb1 Rfc8 12. Bb3 Ne5 13. h4 Nc4 14. Bxc4 Rxc4 15. Nb3 Qa6 16. Bh6 Bh8 17. h5 Rxc3 18. bxc3 Rc8 19. hxg6 hxg6 20. Bf8 Rxf8 21. Rxh8+ Kxh8 22. Qh6+ Kg8 23. Rh1 Nh5 24. g4 d5 25. gxh5 g5 26. Qxg5+ Kh7 27. Qxe7 Rg8 28. Qxd7 Qb6 29. Qxf7+ Rg7 30. Qxd5 a5 31. Qxa5 1-0

[Event "Toronto Malcolm Memorial Sim-2"]
[Site "Toronto"]
[Date "2002.04.15"]
[Round "9"]
[White "Haziprodromu, Sam"]
[Black "Shah, Omaray M"]
[Result "0-1"]
[WhiteElo "1950"]
[BlackElo "1890"]
[PlyCount "116"]
[EventDate "2002.02.13"]
[EventType "tourn"]
[EventRounds "9"]
[EventCountry "CAN"]
[SourceTitle "EXT 2022"]
[Source "ChessBase"]
[SourceDate "2021.10.06"]
[SourceVersion "1"]
[SourceVersionDate "2021.10.06"]
[SourceQuality "1"]

1. e4 Nc6 2. d4 e5 3. Nf3 exd4 4. Nxd4 Bc5 5. Nb3 Bb6 6. Nc3 Nf6 7. Be2 d6 8. 0-0 a6 9. Bg5 Ne7 10. Qd2 Be6 11. Kh1 Ng4 12. Nd4 Qd7 13. f4 f6 14. Bh4 h5 15. Rad1 0-0-0 16. Bf2 Nxf2+ 17. Rxf2 Bg4 18. f5 Nc6 19. Nxc6 Qxc6 20. Nd5 Kb8 21. Rf4 Bxe2 22. Qxe2 Rde8 23. c4 Ba7 24. b4 Re5 25. h3 Qe8 26. Qc2 c6 27. Nc3 Qe7 28. a4 Kc7 29. a5 Kb8 30. Rf3 Ka8 31. Qd3 Bb8 32. b5 Qc7 33. Rf2 d5 34. b6 Qd6 35. g3 Qc5 36. Kg2 dxc4 37. Qf3 g5 38. fxg6 Rg5 39. e5 Qxe5 40. Ne4 Rxg6 41. Qf5 Rhg8 42. Qxe5 Bxe5 43. Rf3 c3 44. Nxc3 Bxg3 45. Ne2 Be1+ 46. Kf1 Bxa5 47. Rb1 Bd2 48. Kf2 Rg2+ 49. Kf1 Rh2 50. Rbb3 Re8 51. Rf2 Rh1+ 52. Kg2 Re1 53. Nd4 Be3 54. Rxe3 R1xe3 55. Rxf6 Rg8+ 56. Kf2 Rxh3 57. Ne6 Rb3 58. Nc7+ Kb8 0-1